00658nam a2200241 a 4500001001300000003000900013005001700022008004100039020001000080082001300090100001500103245003200118260003200150300000900182500003500191505000800226650002400234700001500258902000800273942000700281952011300288999001500401nice12345678IN_TiNIC20260116012056.0050524s0000 lona grp 000 0 eng  ac10000a201bWAR aWarne, F W aGod`s Heroesb Our Examples aLondonbEpworth Pressc0000 a111p aincludes index and biblioraphy2 aIll aChristian-Biography1 aWarne, F W bSRS cBK 001040708StackRoom-aHMIbHMId2007-06-13g100.00l0o201 WARp06682r2007-06-13v100.00w2005-05-24yBK c5545d5545